=LDR 00000nam 2200000 4500 =001 INLIS000000000025416 =005 20130612123927 =008 ***********************************Ind** =035 ##$$0010-061300000025416 =041 ##$$a Ind =082 ##$$a 745 =090 ##$$a 745, War m =100 ##$$a Wardana, Enen =245 ##$$a Membuat aneka kreasi berbahan sisik ikan, memanfaatkan waktu luang, Enen Wardana =260 ##$$a 2003 $b Jakarta =300 ##$$a x, 50 hlm, 23 cm =650 ##$$a Kreasi dari sisik ikan =850 ##$$a NBPNMAT